[Event "Runavik Open 2018"]
[Site "Runavik"]
[Date "2018.11.17"]
[Round "7"]
[White "Papin, Vasily"]
[Black "Sivuk, Vitaly"]
[Result "1-0"]
[WhiteElo "2483"]
[BlackElo "2551"]
[Annotator "TA"]
[PlyCount "105"]
[EventDate "2018.11.12"]
[EventType "swiss"]
[EventCountry "FAI"]
[SourceTitle "playchess.com"]
[Source "ChessBase"]
[SourceQuality "1"]

{[%evp 24,105,0,0,0,0,0,0,0,0,53,62,68,64,89,80,149,91,52,72,40,25,19,14,29,18,25,15,43,13,11,0,0,0,52,39,43,47,68,36,40,40,42,0,140,123,302,299,298,298,292,289,289,282,272,0,0,0,266,258,477,164,165,165,153,170,135,27,5214,5334,1790,2849,5197,3135,2875,2609,4943,4943,29981,29982,29981,29980,29974,29978]} 1. Nf3 Nf6 2. c4 e6 3. Nc3 Bb4 4. Qc2 O-O 5. a3 Bxc3 6. Qxc3 d6 7. d4 b6 8. e3 Bb7 9. Be2 Nbd7 10. O-O Ne4 11. Qc2 f5 12. b4 Rf6 13. d5 {LiveBook: 71 Games. E32: Nimzo-Indian: Classical (4 Qc2): 4...0-0} (13. Bb2 Rg6 14. d5 c5 15. bxc5 Ndxc5 16. Nd4 Qg5 17. g3 exd5 18. cxd5 Bxd5 19. Bc4 Bxc4 20. Qxc4+ Kh8 {½-½ (20) Leitao,R (2620)-Mareco,S (2644) Ponta Grossa 2017}) 13... c5 14. dxc6 Bxc6 15. Nd4 {The position is equal.} Bb7 $1 16. f3 Ng5 (16... Rg6 $11) 17. e4 $14 f4 $1 18. Nb5 e5 19. Rd1 Rg6 $146 (19... Qe7 $142) ({Predecessor:} 19... Nf7 20. Bf1 a6 {1-0 (46) Bukavshin,I (2404)-Malec,S (2041) Fermo 2009}) 20. Kh1 (20. c5 $142 $1 dxc5 21. Nd6) 20... Qe7 21. Qd2 {[%cal Rb5d6]} Nf7 22. c5 bxc5 23. Bc4 {Strongly threatening Nxd6.} d5 $1 {[%cal Rd5c4]} 24. Bxd5 Bxd5 25. Qxd5 {[%mdl 64] Double Attack} Rd8 26. Bb2 a6 27. Nc3 cxb4 28. axb4 Qh4 (28... Qxb4 $11 29. Qa2 Rb6) 29. Qd2 Rh6 {[%csl Gh6][%cal Rh4h2]} 30. h3 Ng5 31. Qe1 $1 {[%cal Re1h4] Black must now prevent Qxh4.} Nxf3 32. Qxh4 Nxh4 33. Na4 Kf7 {[#]} (33... f3 $11 {keeps the balance.} 34. Nc5 {[%mdl 64] Discovered Attack} fxg2+ 35. Kg1 Rf6) 34. Bxe5 $1 $16 {[%mdl 576] Pin} f3 $2 {[#]} (34... Nxe5 $16 35. Rxd8 f3 36. gxf3 Nhg6) 35. Bc7 $1 $18 {[%cal Rc7d8]} fxg2+ 36. Kg1 Rc8 37. Rxd7+ Ke8 38. Nc5 ({Much less strong is} 38. Rxg7 Kf8 $18) 38... Rg6 39. Ra3 Rf6 {( -> ...Rf1+)} 40. Ra1 Rg6 $1 {[#] ...Nf3+ would now be nice for Black.} 41. Bd6 $1 {Threatens to win with Re7+.} Rc6 $2 (41... Nf3+ 42. Kf2 Rxd6) 42. e5 $2 (42. Re7+ Kf8 43. Ne6+ Kg8 44. Nd8) 42... Nf3+ 43. Kf2 g1=Q+ 44. Rxg1 Nxg1 45. Re7+ (45. h4 $16) 45... Kd8 $2 {[%mdl 8192]} (45... Kf8 $11) 46. Rf7 {[%cal Rf7f8]} Nxh3+ 47. Ke3 {[%cal Rf7f8]} Rg3+ 48. Kd4 {[%cal Rf7f8]} Rxc5 49. bxc5 {[%cal Bb4c5,Bc5c6][%mdl 32] White wants to mate with c6.} ({Not} 49. Kxc5 Ng5 $14) 49... Ng5 50. Ra7 {Intending c6 and mate.} Ne6+ 51. Kd5 {White mates.} Nf4+ 52. Ke4 Ne6 53. c6 {Accuracy: White = 60%, Black = 47%.} 1-0

[Event "Runavik Open 2018"]
[Site "Runavik"]
[Date "2018.11.17"]
[Round "7"]
[White "Miezis, Normunds"]
[Black "Maiorov, Nikita"]
[Result "1/2-1/2"]
[WhiteElo "2477"]
[BlackElo "2510"]
[Annotator "TA"]
[PlyCount "105"]
[EventDate "2018.11.12"]
[EventType "swiss"]
[EventCountry "FAI"]
[SourceTitle "playchess.com"]
[Source "ChessBase"]
[SourceQuality "1"]

{[%evp 12,105,10,4,26,-9,0,-15,0,-19,-9,-4,0,-8,0,-3,1,-8,-2,-2,43,10,32,33,29,18,7,0,-7,-8,0,-2,0,0,9,0,25,0,57,19,19,20,22,19,10,0,0,0,14,0,18,18,18,25,15,4,80,41,46,41,55,4,170,167,169,0,2,0,0,0,0,0,0,0,0,0,0,0,0,0,0,0,0,0,0,0,0,0,0,0,0,0,0,0,0,0]} 1. c4 Nf6 2. Nc3 e5 3. Nf3 Nc6 4. g3 Bb4 5. Bg2 O-O 6. O-O d6 7. d3 h6 {A29: English Opening: Four Knights Variation with 4 g3} (7... Bxc3 8. bxc3 e4 9. Nd4 exd3 10. exd3 Nxd4 11. cxd4 d5 12. Bg5 c6 13. cxd5 cxd5 14. Qb3 b6 15. Rae1 h6 16. Bxf6 Qxf6 17. Re5 Be6 {1-0 (37) Kramnik,V (2792)-Duda,J (2737) Dortmund 2018}) 8. e4 a6 9. h3 Bc5 10. Kh2 Rb8 11. a3 Bd7 $146 ({Predecessor:} 11... b5 12. b4 Ba7 13. Rb1 Nd4 14. Be3 c6 15. Bxd4 exd4 16. Ne2 c5 17. bxc5 dxc5 18. Nd2 bxc4 19. Nxc4 Rxb1 20. Qxb1 Be6 {½-½ (20) Santos,L (2363)-Korneev,O (2582) Bombarral 2010}) 12. b4 Ba7 13. Be3 Bxe3 14. fxe3 Ne7 15. Nh4 Nh7 16. Ra2 c5 17. bxc5 dxc5 18. Raf2 b5 19. d4 cxd4 20. exd4 exd4 21. Qxd4 Nc6 {[%cal Be7c6,Bc6b4,Bb4c2][%mdl 32]} 22. Qd5 {[%cal Rf2f7]} Qe8 ({Wrong is} 22... Nf6 $2 23. Rxf6 $1 {[%mdl 512]} gxf6 24. Qh5 $18) (22... Ne7 $5 {[%cal Re7d5]} 23. Qh5 Ng5 $11) 23. cxb5 axb5 24. e5 b4 (24... Ne7 $11 25. Qc5 Ng5) 25. axb4 (25. Ng6 $5 {[%cal Rg6f8]} Ne7 26. Nxe7+ Qxe7 27. axb4 $14) 25... Nxb4 26. Qd6 Qe6 27. Nf5 {Hoping for Ne7+.} Qxd6 28. exd6 Bxf5 $1 29. Rxf5 Nf6 30. g4 Nc2 31. g5 $36 {[%mdl 2048] White is more active.} hxg5 32. Rxg5 {Black must now prevent Rxf6.} Kh8 33. Ne4 Nh7 (33... Nd7 $11) 34. Rg3 {Strongly threatening Rd3.} Nd4 35. Nc5 {And now Nd7 would win.} Nf6 36. Re3 ({White should play} 36. Rd1 $14 Nf5 37. Rc3) 36... Rbc8 $2 {[#]} (36... Rb6 $11 {and Black is okay.}) 37. d7 $1 $18 {[%cal Rd7c8]} Rcd8 ({Don't blunder} 37... Rxc5 $2 {[#]} 38. Rxf6 $1 {[%mdl 512]} gxf6 39. Re8 $18) 38. Rf4 $2 (38. Rd1 $18 Nxd7 39. Nb7) 38... Ne6 $1 $11 {[%cal Re6f4] The position is equal.} ({Much worse is} 38... Nxd7 $6 39. Nb7 $16) 39. Rxe6 fxe6 40. Nxe6 {[%mdl 64] Double Attack} Nxd7 {Threatens to win with ...Rxf4.} 41. Rd4 Rde8 $1 {[%cal Re8e6]} 42. Nxf8 Nxf8 {[%mdl 4096] Endgame KRB-KRN} 43. Rh4+ Kg8 44. Bd5+ Ne6 45. Kg3 g6 46. Re4 Kf7 47. Kg4 {aiming for Rxe6.} Kf6 48. Bxe6 (48. Bb3 {feels hotter.} Ng7 49. Rc4 Re1 50. Rc6+ Ke5 51. Kf3) 48... Rxe6 49. Rxe6+ Kxe6 50. Kg5 Kf7 51. h4 Kg7 52. h5 gxh5 53. Kxh5 {Accuracy: White = 35%, Black = 52%.} 1/2-1/2

[Event "Runavik Open 2018"]
[Site "Runavik"]
[Date "2018.11.17"]
[Round "7"]
[White "Kjartansson, Gudmundur"]
[Black "Schadd, Jan"]
[Result "1/2-1/2"]
[WhiteElo "2423"]
[BlackElo "1842"]
[Annotator "TA"]
[PlyCount "59"]
[EventDate "2018.11.12"]
[EventType "swiss"]
[EventCountry "FAI"]
[SourceTitle "playchess.com"]
[Source "ChessBase"]
[SourceQuality "1"]

{[%evp 9,59,52,54,53,57,50,62,56,60,59,62,59,68,56,66,46,56,52,65,54,56,21,31,22,33,34,30,29,33,12,45,0,0,0,0,-5,0,0,0,-206,-206,-206,-214,-211,-211,-219,-214,-227,0,-218,0,-227]} 1. Nf3 Nc6 2. d4 {[%cal Bd2d4,Bd4d5][%mdl 32]} d6 3. e4 g6 4. d5 Nb8 {[%cal Bc6b8,Bb8d7,Bd7c5][%mdl 32]} 5. Bd3 Bg7 6. c4 {B00: Queen's Fianchetto Defence, Nimzowitsch Defence} Nd7 $146 ({Predecessor:} 6... c6 7. O-O Nf6 8. Nc3 {½-½ (8) Feller,S (2644)-Istratescu,A (2633) Nancy 2012}) 7. O-O Nc5 8. Bc2 {White is slightly better.} Bg4 9. h3 Bxf3 $1 10. Qxf3 Nf6 11. Nc3 a5 12. Bd2 O-O 13. b3 c6 14. a3 Nfd7 15. Qe2 e6 16. b4 Na6 17. Rab1 exd5 18. cxd5 axb4 19. axb4 c5 20. Nb5 Nxb4 21. Bxb4 cxb4 22. Rxb4 Ra2 23. Qc4 Qa5 24. Ra4 $2 {[#]} (24. Bb1 $11 Nb6 25. Qxa2 Qxb4 26. Bd3) 24... Rxc2 $1 $19 {[%mdl 512]} 25. Qxc2 Qxb5 26. Rb1 Qc5 27. Rc4 Qa7 28. Ra4 Qc5 29. Rc4 Qa7 30. Ra4 $1 {Accuracy: White = 42%, Black = 62%.} 1/2-1/2

[Event "Runavik Open 2018"]
[Site "Runavik"]
[Date "2018.11.17"]
[Round "7"]
[White "Nielsen, Rogvi Egilstoft"]
[Black "Korneev, Oleg"]
[Result "1/2-1/2"]
[WhiteElo "2339"]
[BlackElo "2551"]
[Annotator "TA"]
[PlyCount "60"]
[EventDate "2018.11.12"]
[EventType "swiss"]
[EventCountry "FAI"]
[SourceTitle "playchess.com"]
[Source "ChessBase"]
[SourceQuality "1"]

{[%evp 22,60,0,-4,0,0,6,0,0,-38,25,27,56,5,52,44,44,44,45,35,53,18,9,21,16,0,21,-12,-11,-20,0,0,51,23,41,0,0,0,0,0,0]} 1. e4 e5 2. Nf3 Nc6 3. Bb5 {[%cal Bf1b5,Bb5a4,Ba4b3][%mdl 32]} a6 4. Ba4 Nf6 5. Qe2 b5 6. Bb3 Bc5 7. c3 O-O 8. O-O d6 9. h3 h6 {C77: Ruy Lopez: 3...a6 4 Ba4 Nf6, unusual lines} 10. Rd1 Re8 11. d3 Bb6 12. Nbd2 {LiveBook: 10 Games} Nh5 (12... Ne7 13. Nf1 Ng6 14. Be3 Bxe3 15. fxe3 c6 16. Ng3 {1-0 (43) Bortnyk,O (2581)-Jakovenko,D (2704) Doha 2016}) 13. Nf1 Qf6 14. Bd5 $146 ({Predecessor:} 14. N3h2 Qg6 15. Qf3 Be6 16. Kh1 Bxb3 17. axb3 {½-½ (53) Georgiadis,I (2495)-Moor,O (2313) Switzerland 2017}) 14... Bd7 15. d4 Nf4 ({Black should try} 15... Rad8 $15) 16. Bxf4 $1 $11 Qxf4 17. Ng3 ({Better is} 17. dxe5 $14 dxe5 18. Rd3) 17... Qf6 18. dxe5 dxe5 19. Rd3 {[%cal Bd1d3,Bd3g3,Bg3g4][%mdl 32]} Rad8 20. Rad1 Nb8 21. Nh5 Qe7 $1 22. Nh2 {[#] Threatens to win with Rg3.} Kh8 23. Rg3 Rg8 24. Ng4 c6 25. Bb3 Be6 26. Rxd8 Bxd8 ({Black should play} 26... Rxd8 $11 27. Rf3 a5) 27. Qd2 {[#] Strongly threatening Nxh6!} Bxg4 $1 28. Rxg4 (28. hxg4 $5 {[%cal Rg4g5]} Rf8 29. Rf3 $14) 28... Nd7 {The position is equal.} 29. Ng3 {And now Nf5 would win.} Nc5 $1 30. Bc2 Ne6 {Accuracy: White = 45%, Black = 68%.} 1/2-1/2

[Event "Runavik Open 2018"]
[Site "Runavik"]
[Date "2018.11.17"]
[Round "7"]
[White "Fjallheim, Leif Reinert"]
[Black "Berg, Margar M."]
[Result "0-1"]
[WhiteElo "1919"]
[BlackElo "1852"]
[Annotator "NA RC"]
[PlyCount "88"]
[EventDate "2018.11.12"]
[EventType "swiss"]
[EventCountry "FAI"]
[SourceTitle "playchess.com"]
[Source "ChessBase"]
[SourceQuality "1"]
[TimeControl "40/5400+30:900+30"]

{[%evp 8,86,77,77,65,56,64,45,64,47,99,53,50,0,0,6,30,36,38,39,58,45,67,49,64,50,78,62,45,30,53,14,77,39,72,66,70,49,75,0,46,24,29,41,30,6,35,36,45,55,59,79,73,-25,0,32767,32767,32767,32767,32767,32767,32767,32767,32767,-136,-411,-420,-1393,-2178,-29973,-29967,-1075,-29981,-29991,-4714,-29967,32767,-29981,32767,-29983,-29981]} 1. Nf3 {[%emt 0:00:00]} d5 {[%emt 0:00:03]} 2. c4 {[%emt 0:00:52]} dxc4 {[%emt 0:00:54]} 3. e3 {[%emt 0:00:23]} Nc6 {[%emt 0:00:17]} 4. Bxc4 {[%emt 0:00:37]} Nf6 {[%emt 0:02:08]} 5. d4 {[%emt 0:02:40]} e6 {[%emt 0:00:57]} 6. O-O {[%emt 0:02:12]} Bd6 {[%emt 0:02:41]} 7. Nc3 {[%emt 0:03:01]} O-O {[%emt 0:02:18] LiveBook: 48 Games} 8. a3 {[%emt 0:02:15]} b6 {[%emt 0:01:54] E51: Nimzo-Indian: Rubinstein: 4...0-0 5 Nf3 d5} (8... a6 $14 9. h3 e5 10. Qc2 Qe8 11. Ba2 Bd7 12. Bd2 exd4 13. exd4 Qc8 14. Ne4 Nxe4 15. Qxe4 Bf5 16. Qh4 Bg6 17. Rfe1 Qf5 18. d5 {½-½ (49) Rusev,K (2548)-Barrientos,S (2465) Baku 2016}) 9. Re1 {[%emt 0:09:21]} e5 $146 {[%emt 0:04:24]} ({Predecessor:} 9... Bb7 10. b4 h6 11. Bb2 Ne7 12. e4 Bf4 13. g3 Bg5 14. h4 Bxh4 15. Nxh4 Rc8 {1-0 (29) Hoshino,K (1618)-De Souza,M (1751) Sao Bernardo do Campo 2013}) 10. Nb5 {[%emt 0:08:31]} e4 {[%emt 0:05:12]} 11. Nxd6 {[%emt 0:03:01]} Qxd6 {[%emt 0:03:05]} 12. Nd2 $1 {[%emt 0:02:01]} Ng4 {[%emt 0:01:10]} 13. Nf1 {[%emt 0:01:19]} Na5 {[%emt 0:03:44]} 14. Ba2 {[%emt 0:03:27]} Qg6 {[%emt 0:01:15]} 15. b4 {[%emt 0:04:01]} Nb7 {[%emt 0:01:24]} 16. Qc2 {[%emt 0:01:50]} c6 {[%emt 0:02:55]} 17. Bb2 {[%emt 0:01:55]} Bd7 {[%emt 0:08:51]} 18. Rac1 {[%emt 0:07:54]} Rac8 {[%emt 0:02:44]} 19. Qe2 {[%emt 0:01:13]} b5 {[%emt 0:07:59]} (19... Nd6 $11) 20. Rc2 {[%emt 0:05:44]} Be6 {[%emt 0:01:10]} 21. d5 {[%emt 0:07:12]} cxd5 {[%emt 0:15:35]} 22. Rxc8 {[%emt 0:03:34]} Rxc8 {[%emt 0:01:04] [#]} 23. Qxb5 {[%emt 0:01:43]} ({White should try} 23. Rd1 $1 $16) 23... Nd6 {[%emt 0:00:40]} 24. Qe2 {[%emt 0:01:30]} h5 {[%emt 0:01:34]} 25. h3 {[%emt 0:08:04]} Nf6 {[%emt 0:02:09]} 26. Kh2 {[%emt 0:00:54]} Nc4 {[%emt 0:04:27]} 27. Rc1 {[%emt 0:05:14]} h4 {[%emt 0:03:51]} 28. Bxc4 {[%emt 0:01:01]} dxc4 {[%emt 0:00:46]} 29. Nd2 {[%emt 0:00:42]} Qf5 {[%emt 0:04:37]} 30. f3 {[%emt 0:09:06]} ({Much weaker is} 30. Nxc4 $6 Qb5 $11) (30. Bd4 $14) 30... exf3 {[%emt 0:05:58]} 31. Nxf3 {[%emt 0:00:50]} Ne4 {[%emt 0:04:31]} 32. Nd4 {[%emt 0:03:02]} Qe5+ {[%emt 0:00:27]} 33. Kg1 {[%emt 0:00:23]} c3 {[%emt 0:00:45]} 34. Nxe6 {[%emt 0:00:45]} Qxe6 {[%emt 0:00:29]} 35. Ba1 {[%emt 0:00:28]} Qb3 {[%emt 0:01:50]} (35... Qd7 $19 {and Black stays clearly on top.} 36. Qc2 f5) 36. Qa6 $2 {[%emt 0:00:17]} (36. Qg4 $17 Qc4 37. Rd1) 36... Rd8 {[%emt 0:00:21]} 37. Rf1 {[%emt 0:00:52]} (37. Kh2 $142 Qd5 38. Qf1) 37... Ng3 {[%emt 0:02:34]} 38. Bxc3 {[%emt 0:00:34]} Nxf1 {[%emt 0:00:58]} 39. Qxf1 {[%emt 0:00:30]} Qxc3 {[%emt 0:00:21]} 40. Qf4 {[%emt 0:00:00]} Qf6 {[%emt 0:00:00]} (40... Rd1+ $142 41. Kf2 Qc2+ 42. Kf3 Rf1+ {[%mdl 64] Skewer} 43. Kg4 Qxg2+ 44. Kxh4 Rxf4+ 45. exf4 Qf3 46. f5 Qf4+ 47. Kh5 f6 48. h4 Qxf5#) 41. Qg4 {[%emt 0:00:48]} Qe6 {[%emt 0:01:20]} 42. Qxh4 {[%emt 0:00:27]} Rd1+ {[%emt 0:00:25]} 43. Kh2 {[%emt 0:00:41]} Qe5+ {[%emt 0:00:08]} 44. g3 {[%emt 0:01:00]} Qb2# {[%emt 0:00:08]} 0-1

[Event "Runavik Open 2018"]
[Site "Runavik"]
[Date "2018.11.17"]
[Round "7"]
[White "Skaale, Janus"]
[Black "Pinheiro Diamant, Jonatan"]
[Result "1/2-1/2"]
[WhiteElo "1839"]
[BlackElo "1789"]
[Annotator "NA RC"]
[PlyCount "61"]
[EventDate "2018.11.12"]
[EventType "swiss"]
[EventCountry "FAI"]
[SourceTitle "playchess.com"]
[Source "ChessBase"]
[SourceQuality "1"]
[TimeControl "40/5400+30:900+30"]

{[%evp 8,60,26,26,32,43,40,40,42,37,38,6,20,4,64,66,85,20,30,16,23,3,10,10,13,10,13,6,12,15,2,32767,32767,32767,32767,32767,32767,13,18,15,15,22,22,0,0,0,0,0,70,62,64,69,102,0,0]} 1. e4 {[%emt 0:00:00]} e5 {[%emt 0:00:00]} 2. Nf3 {[%emt 0:00:11]} Nc6 {[%emt 0:00:00]} 3. Bc4 {[%emt 0:00:35]} Nf6 {[%emt 0:00:00]} 4. d3 {[%emt 0:01:00]} h6 {[%emt 0:00:00]} 5. h3 {[%emt 0:09:59]} d6 {[%emt 0:02:01] C55: Two Knights: 4 d3, 4 d4 exd4 5 e5 and Max Lange Attack} 6. a4 {[%emt 0:01:53] LiveBook: 5 Games} a5 {[%emt 0:10:21]} (6... g6 7. Nc3 Bg7 8. Be3 O-O 9. Qd2 Kh7 10. g4 Ne8 11. O-O-O Be6 12. Kb1 a6 {0-1 (62) David,A (2572)-Sivuk,V (2509) Paleochora 2016}) 7. Nc3 {[%emt 0:02:46]} g6 $146 {[%emt 0:03:46]} ({Predecessor:} 7... Bd7 8. Be3 Nb4 9. Ne2 c5 10. c3 Nc6 11. Qb3 {1-0 (33) Draaisma,G (1405)-Cox,R St Peter Port 2003}) 8. Be3 {[%emt 0:03:14]} Bg7 {[%emt 0:01:28]} 9. g4 {[%emt 0:16:02]} Qe7 {[%emt 0:04:53]} 10. Qd2 {[%emt 0:02:03]} g5 {[%emt 0:03:25]} (10... Be6 $11) 11. O-O-O {[%emt 0:07:13]} Be6 {[%emt 0:04:23]} 12. Qe2 {[%emt 0:03:06]} (12. Bb5 $16) 12... O-O-O {[%emt 0:02:30]} 13. d4 {[%emt 0:10:16]} d5 $1 {[%emt 0:08:24]} 14. exd5 {[%emt 0:01:35]} Nxd5 {[%emt 0:02:27]} 15. Nxd5 {[%emt 0:06:38]} Bxd5 {[%emt 0:01:47]} 16. Bxd5 {[%emt 0:00:07]} Rxd5 {[%emt 0:00:52]} 17. dxe5 {[%emt 0:07:28]} Rhd8 {[%emt 0:02:51]} 18. Rxd5 {[%emt 0:00:17]} Rxd5 {[%emt 0:00:02]} 19. Rd1 {[%emt 0:00:07]} Rxd1+ {[%emt 0:00:42]} 20. Qxd1 {[%emt 0:00:10]} Nxe5 {[%emt 0:03:22]} 21. Nxe5 {[%emt 0:01:09]} Qxe5 {[%emt 0:03:41]} 22. c3 {[%emt 0:00:52]} f5 {[%emt 0:07:25]} 23. gxf5 {[%emt 0:05:25]} Qxf5 {[%emt 0:03:04]} 24. Qg4 {[%emt 0:03:09]} Qd7 $1 {[%emt 0:01:35]} 25. Qe4 {[%emt 0:04:55]} Kb8 {[%emt 0:04:54]} 26. Qc4 {[%emt 0:02:37]} b6 {[%emt 0:03:33]} 27. h4 {[%emt 0:02:07]} g4 {[%emt 0:03:37]} (27... gxh4 $11 28. Qxh4 Qe6) 28. Qg8+ {[%emt 0:00:55]} Kb7 {[%emt 0:00:54] [#]} 29. Qh7 $1 {[%emt 0:01:31]} Kc8 {[%emt 0:02:09]} 30. Qg8+ {[%emt 0:02:12]} ({Better is} 30. h5 $16) 30... Kb7 $11 {[%emt 0:00:11]} 31. Qh7 {[%emt 0:00:43]} 1/2-1/2

[Event "Runavik Open 2018"]
[Site "Runavik"]
[Date "2018.11.17"]
[Round "7"]
[White "Apol, Luitjen Akselsson"]
[Black "Hojgaard, Brandur"]
[Result "1-0"]
[WhiteElo "1735"]
[BlackElo "1708"]
[Annotator "NA RC"]
[PlyCount "65"]
[EventDate "2018.11.12"]
[EventType "swiss"]
[EventCountry "FAI"]
[SourceTitle "playchess.com"]
[Source "ChessBase"]
[SourceQuality "1"]
[TimeControl "40/5400+30:900+30"]

1. e4 {[%emt 0:00:00]} e5 {[%emt 0:00:07]} 2. Nf3 {[%emt 0:00:16]} Nc6 {[%emt 0:00:05]} 3. Bb5 {[%emt 0:00:38]} a6 {[%emt 0:00:19]} 4. Ba4 {[%emt 0:00:18]} Nf6 {[%emt 0:00:19]} 5. O-O {[%emt 0:00:35]} Nxe4 {[%emt 0:01:12]} 6. d4 {[%emt 0:01:27]} b5 {[%emt 0:00:24]} 7. Bb3 {[%emt 0:00:33]} d5 {[%emt 0:00:16]} 8. dxe5 {[%emt 0:06:34]} Be6 {[%emt 0:00:16]} 9. c3 {[%emt 0:01:43]} Bc5 {[%emt 0:06:34]} 10. Nbd2 {[%emt 0:08:48]} Nxd2 {[%emt 0:20:31]} 11. Bxd2 {[%emt 0:01:16]} Na5 {[%emt 0:03:28]} 12. Bc2 {[%emt 0:05:07]} Nc4 {[%emt 0:03:58]} 13. Bg5 {[%emt 0:09:45]} Be7 {[%emt 0:06:18]} 14. Bxe7 {[%emt 0:02:00]} Qxe7 {[%emt 0:00:28]} 15. b3 {[%emt 0:00:28]} Nb6 {[%emt 0:02:01]} 16. Nd4 {[%emt 0:07:16]} c5 {[%emt 0:02:38]} 17. Ne2 {[%emt 0:09:04]} O-O {[%emt 0:04:45]} 18. Ng3 {[%emt 0:01:34]} g6 {[%emt 0:06:33]} 19. f4 {[%emt 0:03:53]} f5 {[%emt 0:06:52]} 20. exf6 {[%emt 0:18:59]} Rxf6 {[%emt 0:01:43]} 21. Qd2 {[%emt 0:01:27]} Raf8 {[%emt 0:03:10]} 22. Rae1 {[%emt 0:02:40]} Qd7 {[%emt 0:05:27]} 23. Re5 {[%emt 0:04:50]} Qf7 {[%emt 0:02:53]} 24. Qf2 {[%emt 0:04:44]} Qc7 {[%emt 0:02:58]} 25. Qe2 {[%emt 0:01:30]} Qd7 {[%emt 0:05:55]} 26. f5 {[%emt 0:02:18]} Bxf5 {[%emt 0:02:21]} 27. Nxf5 {[%emt 0:00:13]} gxf5 {[%emt 0:02:37]} 28. Rexf5 {[%emt 0:03:13]} Rxf5 {[%emt 0:02:55]} 29. Bxf5 {[%emt 0:00:10]} Qd6 {[%emt 0:03:17]} 30. Qh5 {[%emt 0:02:59]} h6 {[%emt 0:02:22]} 31. Re1 {[%emt 0:00:30]} Qf6 {[%emt 0:01:29]} 32. Re6 {[%emt 0:00:39]} Qxf5 {[%emt 0:00:58]} 33. Rg6+ {[%emt 0:00:08]} 1-0